LEADER 00930nam a22002651i 4500 001 991000104669707536 005 20031015191216.0 008 031111s1996 uik|||||||||||||||||eng 020 $a1853993980 035 $ab12571040-39ule_inst 035 $aARCHE-060429$9ExL 040 $aDip.to Lingue$bita$cA.t.i. Arché s.c.r.l. Pandora Sicilia s.r.l. 082 04$a938 100 1 $aTodd, Stephen Charles$0458936 245 10$aAthens and Sparta /$cS.C. Todd 260 $aLondon :$bBristol Classical Press,$c1996 300 $aXI, 83 p. ;$c22 cm 440 0$aClassical world series 651 4$aGrecia antica$xStoria 907 $a.b12571040$b02-04-14$c13-11-03 912 $a991000104669707536 945 $aLE012 938.007 2 TOD$g1$i2012000180093$lle012$o-$pE0.00$q-$rl$s- $t0$u0$v0$w0$x0$y.i13025429$z13-11-03 996 $aAthens and Sparta$9176704 997 $aUNISALENTO 998 $ale012$b13-11-03$cm$da $e-$feng$guik$h0$i1